| 000 | 00678nam a2200193 a 4500 | ||
|---|---|---|---|
| 001 | 000049129 | ||
| 005 | 20201002061659.0 | ||
| 008 | 190722s1996 dr r 000 0 spa d | ||
| 040 |
_aDO-SdBNP _bspa _cBNPHU |
||
| 082 |
_axxxx _bxxxx |
||
| 100 | 1 |
_aRodríguez, Juan Luis _944433 |
|
| 245 | 1 | 0 |
_aSeñor enséñanos a orar / _cJuan Luis Rodríguez. |
| 250 | _a2a ed. | ||
| 260 |
_aSanto Domingo : _bEspiritualidad del Caribe, _c1996. |
||
| 300 |
_a117 p. ; _c22 cm. |
||
| 500 | _aComentarios de San Cipriano, San Agustín y Santa Teresa de Jesús al padrenuestro | ||
| 504 | _aIncluye referencias bibliográficas y notas al pie de las páginas | ||
| 590 | _aInventariado, 2019/BT | ||
| 999 |
_c48617 _d48617 |
||